| 000 | 00623nam a2200229Ia 4500 | ||
|---|---|---|---|
| 003 | OSt | ||
| 005 | 20220928104645.0 | ||
| 006 | a|||||r|||| 00| 0 | ||
| 007 | ta | ||
| 008 | 220927b |||||||| |||| 00| 0 eng d | ||
| 024 | _a25467 | ||
| 037 | _cTextual | ||
| 040 |
_aSDCL _cSDCL _beng |
||
| 041 |
_2eng _aeng |
||
| 082 | _aO15,1N361,1, M4 | ||
| 100 |
_aTripathi Bhagiratha Prasad _9411475 |
||
| 245 | 0 | _aNarmasaptasati. | |
| 260 |
_aVaranasi _bVagyogacetanapitham _c1984 |
||
| 300 |
_a296p _ccm. |
||
| 942 |
_hO15,1N361,1, M4 _cTEXL _2CC |
||
| 999 |
_c727146 _d727146 |
||